| 000 | 00441nam a2200157Ia 4500 | ||
|---|---|---|---|
| 008 | 230312s9999||||xx |||||||||||||| ||und|| | ||
| 020 | _a1-55850-754-x | ||
| 082 |
_a332.6 _bWIL |
||
| 100 | _aGordon K.Williamson | ||
| 245 | 0 | _a100 Best Mutual Funds You Can Buy | |
| 260 |
_bAdams Media Corporation _aMassachusetts _c1998 |
||
| 300 | _a312 | ||
| 546 | _aEng. | ||
| 650 |
_aEconomics _vAbout this Book, What is a Mutual Fund? |
||
| 942 | _cBK | ||
| 999 |
_c2358 _d2358 |
||